Human Resource Analytics: strategic decision making (Record no. 18284)

MARC details
000 -LEADER
fixed length control field 00410nam a2200145Ia 4500
008 - FIXED-LENGTH DATA ELEMENTS--GENERAL INFORMATION
fixed length control field 220501s2021 xx 000 0 eng d
020 ## - INTERNATIONAL STANDARD BOOK NUMBER
International Standard Book Number 9789390168408
082 ## - DEWEY DECIMAL CLASSIFICATION NUMBER
Classification number 658.4012 UPP-H
100 ## - MAIN ENTRY--PERSONAL NAME
Personal name Uppal, Nishant
245 #0 - TITLE STATEMENT
Title Human Resource Analytics: strategic decision making
Statement of responsibility, etc Nishant Uppal
260 ## - PUBLICATION, DISTRIBUTION, ETC. (IMPRINT)
Name of publisher, distributor, etc Pearson
Date of publication, distribution, etc 2021
300 ## - PHYSICAL DESCRIPTION
Extent / Pages xiv, 348p.
650 ## - SUBJECT ADDED ENTRY--TOPICAL TERM
Topical term or geographic name as entry element Human Resource - Analytics
942 ## - ADDED ENTRY ELEMENTS (KOHA)
Source of classification or shelving scheme
Koha item type Books
942 ## - ADDED ENTRY ELEMENTS (KOHA)
-- 4
Holdings
Withdrawn status Lost status Source of classification or shelving scheme Damaged status Not for loan Home library Current library Date acquired Source of acquisition Full call number Barcode Date last seen Copy number Bill Date Koha item type Bill Number Total Checkouts Total Renewals Date last borrowed
          SOBD Library SOBD Library 05/05/2021 Vedi Books 658.4012 UPP-H1 000731 01/07/2022 1 27/03/2021 Reference Books VEDI/20-21/03/64      
          SOBD Library SOBD Library 05/05/2021 Vedi Books 658.4012 UPP-H2 000732 01/07/2022 2 27/03/2021 Books VEDI/20-21/03/64      
          SOBD Library SOBD Library 05/05/2021 Vedi Books 658.4012 UPP-H3 000733 05/12/2023 3 27/03/2021 Books VEDI/20-21/03/64 1 1 28/10/2023
          SOBD Library SOBD Library 05/05/2021 Vedi Books 658.4012 UPP-H4 000734 01/07/2022 4 27/03/2021 Books VEDI/20-21/03/64      
          SOBD Library SOBD Library 05/05/2021 Vedi Books 658.4012 UPP-H5 000735 24/11/2023 5 27/03/2021 Books VEDI/20-21/03/64 3 5 28/10/2023
Hosted, Implemented, Customized & Maintained by: BestBookBuddies

Powered by Koha